000 00272nam a22001337a 4500
008 170718b xxu||||| |||| 00| 0 eng d
020 _a9781583312537
041 _aeng
080 _a2
100 _a24
101 _aTEO
245 _aBIBLE
_cKEENAN, D
942 _2udc
_cBK
999 _c21453
_d21453